000 00606nam a22001817a 4500
999 _c21031
_d21031
003 AR-CdUCM
008 190724b ||||| |||| 00| 0 spa d
040 _aMUNICIPALIDAD PROVINCIAL DEL CUSCO
_cBIBLIOTECA MUNICIPAL DEL CUSCO
082 _a808.82 /
_bC25
100 _aCantagalls, Jose
_943826
245 _aLos apuros de un fotógrafo :
_bSainete en un acto y en prosa /
260 _aBuenos Aires :
_bEscuelas gráficas del colegio Pio IX,
300 _a32 páginas ;
_c18 cm.
440 _aGalería dramática Salesiana
_n82
_943827
650 _aTeatro
_9173
942 _2ddc
_cFOLLETOS
945 _azta